000 00772nam a22002175i 4500
001 52985
003 ES-MaACL
005 20250717070754.0
007 t|
008 950907s1899 sp ||||1| spa d
040 _aCAM
_bspa
_cCAM
100 1 _aDorronsoro y Ucelayeta, Bernabé.
_945431
245 1 0 _aDiscurso leído en la... apertura del curso académico de 1899 a 1900 en la Universidad Literaria de Granada /
_cpor Bernabé Dorronsoro y Ucelayeta.
260 _aGranada :
_b[s.n.],
_c1899 (
_fIndalecio Ventura)
300 _a31 p. ;
_c32 cm.
500 _aTema: Ultimos progresos de la electricidad.
650 1 7 _aElectricidad
_2embne
_912159
710 2 _aUniversidad Literaria de Granada.
_9153703
852 _aES-MaACL
_jT-913-F-4
999 _c52985
_d52985